[Event "10th EICC"]
[Site "Budva MNE"]
[Date "2009.03.10"]
[Round "5"]
[White "Erdogdu,M"]
[Black "Aleksandrov,A"]
[Result "0-1"]
[WhiteElo "2460"]
[BlackElo "2636"]
[EventDate "2009.03.06"]

1. e4 e5 2. Nf3 Nc6 3. Bb5 Nf6 4. d3 d6 5. c3 g6 6. O-O Bg7 7. Re1 O-O 8.
Nbd2 Bd7 9. Nf1 Nh5 10. Ng3 Nf4 11. d4 a6 12. Ba4 b5 13. Bb3 Na5 14. Bc2 c5
15. h3 cxd4 16. cxd4 Rc8 17. Ne2 Nxe2+ 18. Rxe2 exd4 19. Nxd4 Qf6 20. Nf3
Bxh3 21. e5 dxe5 22. Bg5 Qe6 23. gxh3 Qxh3 24. Nh2 h6 25. Be3 f5 26. Qf1
Qh5 27. f3 Nc4 28. Bb3 Kh7 29. Bxc4 Rxc4 30. Rd1 Rf7 31. Rg2 f4 32. b3 Rc6
33. Bc1 Qf5 34. Re2 h5 35. Bb2 g5 36. Rd5 Re7 37. Qe1 Rce6 38. Rg2 Rg6 39.
Re2 g4 40. fxg4 f3 41. Rg2 hxg4 42. Rg3 Bf6 43. Rd6 Rf7 44. Rd2 Bd8 45. Nf1
Bb6+ 46. Ne3 Rh6 47. Qf2 Bxe3 0-1

[Event "10th EICC"]
[Site "Budva MNE"]
[Date "2009.03.10"]
[Round "5"]
[White "Haznedaroglu,K"]
[Black "Pashikian,A"]
[Result "0-1"]
[WhiteElo "2451"]
[BlackElo "2621"]
[EventDate "2009.03.06"]

1. e4 e5 2. Nf3 Nc6 3. Bb5 a6 4. Bxc6 dxc6 5. O-O Bg4 6. h3 h5 7. d3 Qf6 8.
Nbd2 Ne7 9. Re1 Ng6 10. d4 Nf4 11. hxg4 hxg4 12. g3 gxf3 13. Qxf3 Ne6 14.
dxe5 Qxe5 15. Qf5 Qb5 16. Nf3 g6 17. Qxb5 axb5 18. c3 b4 19. cxb4 Bxb4 20.
Rd1 Ke7 21. Be3 Bc5 22. Re1 Rhd8 23. Kg2 Bxe3 24. Rxe3 Ra4 25. a3 Rc4 26.
Rae1 Rc2 27. R3e2 Rc5 28. Re3 Rb5 29. R1e2 Rd1 30. Rc2 Rc5 31. Ree2 Rb1 32.
Red2 Rb5 33. Re2 Kf6 34. Red2 c5 35. Re2 Rd1 36. Red2 Rxd2 37. Rxd2 Rb3 38.
e5+ Ke7 39. Ng1 Nd4 40. Ne2 Nf3 41. Rd5 Ne1+ 42. Kf1 Nd3 43. Nf4 Nxf4 44.
gxf4 b6 45. Rd2 Rf3 46. Ke2 Rxf4 47. Ke3 g5 48. Rc2 Rf5 0-1

[Event "10th EICC"]
[Site "Budva MNE"]
[Date "2009.03.10"]
[Round "5"]
[White "Chibukhchian,A"]
[Black "Potkin,V"]
[Result "0-1"]
[WhiteElo "2444"]
[BlackElo "2613"]
[EventDate "2009.03.06"]

1. d4 d5 2. c4 c6 3. Nf3 Nf6 4. Nc3 e6 5. cxd5 exd5 6. Bg5 h6 7. Bh4 Bf5 8.
e3 Nbd7 9. Bd3 Bxd3 10. Qxd3 Bd6 11. O-O-O Qa5 12. Kb1 Bb4 13. Nd2 O-O 14.
Nb3 Qc7 15. f3 a5 16. a3 a4 17. Nd2 Bxc3 18. Qxc3 Rfe8 19. g4 Qa5 20. Rc1
Re6 21. Qxa5 Rxa5 22. Rc3 Ne8 23. Re1 Nd6 24. e4 dxe4 25. fxe4 h5 26. g5
Nf8 27. Kc2 Ng6 28. Bg3 Rxg5 29. Nf3 Ra5 30. d5 cxd5 31. Ng5 d4 32. Nxe6
dxc3 33. Bxd6 fxe6 34. Kxc3 Ra6 35. e5 Rc6+ 36. Kd2 Rc4 37. Rb1 Rg4 38. Rc1
Rg2+ 39. Ke3 Nh4 40. Rc8+ Kh7 41. Re8 Nf5+ 42. Ke4 Re2+ 43. Kf4 Rxh2 44.
Rxe6 Rf2+ 45. Kg5 h4 46. Kg4 Rg2+ 47. Kh3 Rg3+ 48. Kh2 Nd4 0-1

[Event "10th EICC"]
[Site "Budva MNE"]
[Date "2009.03.10"]
[Round "5"]
[White "Durarbeyli,V"]
[Black "Svetushkin,D"]
[Result "0-1"]
[WhiteElo "2439"]
[BlackElo "2593"]
[EventDate "2009.03.06"]

1. e4 e5 2. Nf3 Nc6 3. Bb5 Nf6 4. O-O Bc5 5. Nxe5 Nxe4 6. Qe2 Nxe5 7. Qxe4
Qe7 8. Nc3 Ng6 9. Qxe7+ Bxe7 10. d4 c6 11. Bd3 d5 12. Bd2 f6 13. Rae1 Kf7
14. f4 Nh4 15. f5 g6 16. fxg6+ hxg6 17. Ne2 Bf5 18. Bxf5 Nxf5 19. Nf4 Bd6
20. c3 g5 21. Nh3 Kg6 22. Re2 Ng7 23. Rf3 Rae8 24. Ref2 Re6 25. Rf1 Ne8 26.
R1f2 Bc7 27. c4 dxc4 28. Bc3 Re4 29. Kf1 g4 30. Rf4 Bxf4 31. Nxf4+ Kf7 32.
h3 Nc7 33. d5 cxd5 34. Ne2 Rh6 35. Ng3 gxh3 36. Nxe4 dxe4 37. gxh3 Nd5 38.
Bd4 Rxh3 39. Bxa7 e3 40. Rc2 Nf4 41. Bxe3 Rxe3 42. Rxc4 Nd5 0-1

[Event "10th EICC"]
[Site "Budva MNE"]
[Date "2009.03.10"]
[Round "5"]
[White "Matsenko,S"]
[Black "Timman,J"]
[Result "1/2-1/2"]
[WhiteElo "2429"]
[BlackElo "2581"]
[EventDate "2009.03.06"]

1. e4 c5 2. Nf3 e6 3. d4 cxd4 4. Nxd4 Nf6 5. Nc3 d6 6. g4 h6 7. h4 Be7 8.
Rg1 d5 9. Bb5+ Bd7 10. exd5 Bxb5 11. Ndxb5 a6 12. d6 axb5 13. dxe7 Qxd1+
14. Kxd1 b4 15. Nb5 Kxe7 16. c4 b3 17. a3 Ra4 18. g5 hxg5 19. Bxg5 Rxc4 20.
Rc1 Rxc1+ 21. Kxc1 Nbd7 22. Rg3 Nc5 23. Nd4 Kd6 24. Bxf6 gxf6 25. Nxb3 Rxh4
26. Nxc5 Rc4+ 27. Kd2 Rxc5 28. a4 f5 29. Rg7 Rc7 30. Kd3 Ke5 31. Ke3 Kf6
32. Rg8 Rc4 33. Rb8 Rb4 34. a5 Rb5 35. Kd4 e5+ 36. Kc4 Rxb2 37. a6 b5+ 38.
Kc5 Ra2 39. Kb6 b4 40. a7 b3 41. Kb7 b2 42. Ka8 e4 43. Rb6+ Ke5 44. Rxb2
1/2-1/2

[Event "10th EICC"]
[Site "Budva MNE"]
[Date "2009.03.10"]
[Round "5"]
[White "Vuckovic,Bo"]
[Black "Klenburg,M"]
[Result "1/2-1/2"]
[WhiteElo "2576"]
[BlackElo "2426"]
[EventDate "2009.03.06"]

1. e4 e5 2. Nf3 Nc6 3. Bb5 a6 4. Ba4 Nf6 5. O-O Be7 6. Re1 b5 7. Bb3 d6 8.
c3 O-O 9. h3 Na5 10. Bc2 c5 11. d4 Qc7 12. Nbd2 cxd4 13. cxd4 Nc6 14. Nb3
a5 15. Be3 a4 16. Nbd2 Bd7 17. Rc1 Rac8 18. Nf1 Qb8 19. Bg5 Qa7 20. Be3 Qb8
21. Bb1 Rfe8 22. Rc2 Bd8 23. Ng3 h6 24. d5 Na5 25. Rxc8 Bxc8 26. Bd3 Bd7
27. Qd2 Kh7 28. Rc1 Bb6 29. Nh4 Bxe3 30. fxe3 Nb7 31. Rf1 Qd8 32. Qe2 b4
33. Bb5 Nc5 34. Bxd7 Ncxd7 35. Nhf5 Nc5 36. Qf3 Rg8 37. Kh2 b3 38. axb3
axb3 39. Ra1 Qd7 40. Rf1 Qd8 41. Ra1 Qd7 42. Rf1 1/2-1/2

[Event "10th EICC"]
[Site "Budva MNE"]
[Date "2009.03.10"]
[Round "5"]
[White "Popov,Val"]
[Black "Nestorovic,N"]
[Result "1-0"]
[WhiteElo "2561"]
[BlackElo "2415"]
[EventDate "2009.03.06"]

1. d4 Nf6 2. Nf3 g6 3. c4 Bg7 4. Nc3 d5 5. cxd5 Nxd5 6. e4 Nxc3 7. bxc3 c5
8. Be3 Nc6 9. Rc1 cxd4 10. cxd4 Qa5+ 11. Bd2 Qd8 12. d5 Ne5 13. Nxe5 Bxe5
14. Bc4 Qd6 15. g3 Bh3 16. f4 Bd4 17. Qa4+ Bd7 18. Bb5 Bb6 19. Ke2 Bxb5+
20. Qxb5+ Qd7 21. Qxd7+ Kxd7 22. e5 Rhc8 23. Kd3 e6 24. d6 Rxc1 25. Rxc1
Rc8 26. Rxc8 Kxc8 27. Be3 Bxe3 28. Kxe3 Kd7 29. Kf3 Ke8 30. h3 Kd7 31. Kg4
h6 32. h4 h5+ 33. Kg5 b5 34. Kf6 Ke8 35. d7+ Kxd7 36. Kxf7 a5 37. g4 hxg4
38. h5 1-0

[Event "10th EICC"]
[Site "Budva MNE"]
[Date "2009.03.10"]
[Round "5"]
[White "Rukavina,J"]
[Black "Jovanovic,Zo CRO"]
[Result "1/2-1/2"]
[WhiteElo "2417"]
[BlackElo "2558"]
[EventDate "2009.03.06"]

1. Nf3 Nf6 2. d4 g6 3. Nbd2 Bg7 4. e4 d6 5. c3 O-O 6. Bd3 Nc6 7. O-O e5 8.
dxe5 Nxe5 9. Nxe5 dxe5 10. Nc4 Nh5 11. f3 Qe7 12. Qe2 Rd8 13. a4 Nf6 14. h3
a5 15. Be3 Nd7 16. Rfd1 b6 17. Qf2 Bf8 18. Kh2 Qf6 19. Qc2 Nc5 20. Be2 Ba6
21. Bf2 Qe6 22. Ne3 Rxd1 23. Qxd1 Bxe2 24. Qxe2 Rd8 25. Nd5 Rd7 26. Qc4 h5
27. b4 Nb7 28. Rb1 Kg7 29. Rb2 Nd6 30. Qc6 Ne8 31. Qc4 Nd6 32. Qc6 Ne8 33.
Qc4 1/2-1/2

[Event "10th EICC"]
[Site "Budva MNE"]
[Date "2009.03.10"]
[Round "5"]
[White "Kurmann,O"]
[Black "Brkic,A"]
[Result "0-1"]
[WhiteElo "2415"]
[BlackElo "2550"]
[EventDate "2009.03.06"]

1. e4 e5 2. Nf3 Nc6 3. Bc4 Bc5 4. c3 Nf6 5. d3 O-O 6. h3 d5 7. exd5 Nxd5 8.
O-O Nb6 9. b4 Be7 10. Bb3 a6 11. Qe2 Bf5 12. Bc2 Bf6 13. Nbd2 Nd5 14. Ne4
Bxe4 15. dxe4 Nxc3 16. Qc4 Nd4 17. Nxd4 Qxd4 18. Qxd4 exd4 19. Bd3 Be7 20.
a3 c6 21. Bb2 a5 22. Bxc3 dxc3 23. Rab1 Rfd8 24. Be2 Rd2 25. Bf3 axb4 26.
axb4 c2 27. Rb2 0-1

[Event "10th EICC"]
[Site "Budva MNE"]
[Date "2009.03.10"]
[Round "5"]
[White "Panic,Ne"]
[Black "Evdokimov,Alexa"]
[Result "0-1"]
[WhiteElo "2407"]
[BlackElo "2545"]
[EventDate "2009.03.06"]

1. e4 c6 2. d4 d5 3. Nd2 dxe4 4. Nxe4 Nd7 5. Bd3 Ngf6 6. Ng5 e6 7. N1f3 Bd6
8. Qe2 h6 9. Nxe6 fxe6 10. Bg6+ Ke7 11. O-O Nf8 12. Bd3 Bd7 13. c4 Be8 14.
Ne5 c5 15. f4 cxd4 16. b4 b6 17. Ba3 Rc8 18. Rac1 Bb8 19. Rce1 h5 20. g3
Rh6 21. Qf3 N8h7 22. Bf5 d3 23. b5+ Bd6 24. Ng6+ Bxg6 25. Rxe6+ Kf7 26.
Bxg6+ Rxg6 27. Rxd6 Qc7 28. Rc6 Qd7 29. Rd1 Qd4+ 30. Kf1 Rd8 31. Rc7+ Kg8
32. c5 Ng4 33. Rd2 Ne3+ 0-1

[Event "10th EICC"]
[Site "Budva MNE"]
[Date "2009.03.10"]
[Round "5"]
[White "Yilmaz,M"]
[Black "Drasko,M"]
[Result "0-1"]
[WhiteElo "2400"]
[BlackElo "2533"]
[EventDate "2009.03.06"]

1. e4 e6 2. d4 d5 3. e5 c5 4. c3 Nc6 5. Nf3 Bd7 6. a3 Nge7 7. b4 cxd4 8.
cxd4 Nf5 9. Bb2 b5 10. Bxb5 Nxe5 11. Bxd7+ Nxd7 12. O-O Bd6 13. Nbd2 a5 14.
bxa5 Qxa5 15. a4 O-O 16. Nb3 Qa6 17. Ba3 Rfc8 18. Re1 Rc3 19. Bxd6 Nxd6 20.
Nfd2 Nf5 21. g4 Nd6 22. Qe2 Qxe2 23. Rxe2 Nc4 24. Nxc4 Rxb3 25. Nb2 g5 26.
Kg2 Nf8 27. Ra2 Ng6 28. Rd2 Rc8 29. Nd1 Nh4+ 30. Kf1 Nf3 31. Rdb2 Nxd4 32.
Rxb3 Nxb3 33. Rb2 Nd4 34. Rb4 Nc6 35. Rb3 Ne5 36. h3 Rc1 37. Ke2 Ra1 38.
Nc3 h6 39. Rb8+ Kg7 40. Ra8 d4 41. Ne4 Ra2+ 42. Kf1 d3 43. a5 f5 44. gxf5
exf5 45. Nd6 Ra1+ 46. Kg2 d2 47. Nxf5+ Kg6 48. Ne3 Nc4 49. Ra6+ Kf7 50.
Ra7+ Ke6 51. Ra6+ Kd7 52. Ra7+ Kc6 0-1

[Event "10th EICC"]
[Site "Budva MNE"]
[Date "2009.03.10"]
[Round "5"]
[White "Hera,I"]
[Black "Georgiadis,I"]
[Result "1/2-1/2"]
[WhiteElo "2527"]
[BlackElo "2383"]
[EventDate "2009.03.06"]

1. Nf3 Nf6 2. c4 e6 3. g3 d5 4. Bg2 Be7 5. O-O O-O 6. d4 dxc4 7. Qc2 a6 8.
a4 Bd7 9. Qxc4 Bc6 10. Bf4 a5 11. Nc3 Na6 12. Rfd1 Nb4 13. Rac1 Bd6 14. Bg5
Bd5 15. Nxd5 exd5 16. Qb3 Re8 17. e4 Rxe4 18. Ne5 Rxd4 19. Rxd4 Bxe5 20.
Rd2 c6 21. Re1 Bd6 22. Rde2 h6 23. Bxf6 Qxf6 24. Re8+ Rxe8 25. Rxe8+ Kh7
26. Qf3 Qxf3 27. Bxf3 Kg6 28. Rd8 Bc5 29. Rd7 b6 30. Kf1 Kf6 31. Rc7 Ke6
32. Ke2 Bd4 33. b3 f5 34. Bh5 Kd6 35. Rb7 Kc5 36. f4 Bf6 37. Kd2 Na2 38.
Bg6 Nc3 39. Bxf5 b5 40. Bc2 bxa4 41. bxa4 Na2 42. h4 Nb4 43. g4 Kc4 44. g5
Bc3+ 45. Kd1 d4 46. Bb1 d3 47. f5 hxg5 48. hxg5 c5 49. Rd7 Be5 50. Re7 Bc3
1/2-1/2

[Event "10th EICC"]
[Site "Budva MNE"]
[Date "2009.03.10"]
[Round "5"]
[White "Atakisi,U"]
[Black "Saric,A"]
[Result "1-0"]
[WhiteElo "2393"]
[BlackElo "2514"]
[EventDate "2009.03.06"]

1. e4 c5 2. Nf3 d6 3. d4 cxd4 4. Nxd4 Nf6 5. Nc3 a6 6. Bg5 e6 7. f4 Qc7 8.
f5 b5 9. fxe6 fxe6 10. Bxf6 gxf6 11. Be2 b4 12. Bh5+ Ke7 13. Nce2 Bh6 14.
Qd3 Qc5 15. Bg4 Qg5 16. h3 f5 17. exf5 exf5 18. Bxf5 Rf8 19. O-O Qe3+ 20.
Qxe3+ Bxe3+ 21. Kh1 Bxd4 22. Nxd4 Bxf5 23. Nxf5+ Kd7 24. Rad1 Nc6 25. Rxd6+
Kc7 26. Rh6 Rf7 27. Rxc6+ Kxc6 28. Nd4+ Kd5 29. Rxf7 Kxd4 30. Rxh7 Rc8 31.
Rh4+ Ke3 32. Rxb4 Rxc2 1-0

[Event "10th EICC"]
[Site "Budva MNE"]
[Date "2009.03.10"]
[Round "5"]
[White "Berczes,D"]
[Black "Reutsky,S"]
[Result "0-1"]
[WhiteElo "2513"]
[BlackElo "2381"]
[EventDate "2009.03.06"]

1. d4 d5 2. c4 dxc4 3. Nf3 Nf6 4. e3 e6 5. Bxc4 a6 6. Qe2 c5 7. dxc5 Bxc5
8. O-O b5 9. Bd3 O-O 10. e4 e5 11. Nxe5 Re8 12. Nf3 Bg4 13. h3 Bh5 14. Bf4
Nc6 15. Bg5 Nd4 16. Qd1 Nxf3+ 17. gxf3 Qd6 18. Kg2 Rad8 19. Be2 Qe5 20. Qc1
Bd6 21. Rh1 Nxe4 22. Bxd8 Nxf2 23. Nc3 Qg3+ 24. Kf1 Nxh1 25. Bb6 Bxf3 26.
Bxf3 Qxf3+ 27. Kg1 Qg3+ 28. Kf1 Qxh3+ 29. Kg1 Qh2+ 0-1

[Event "10th EICC"]
[Site "Budva MNE"]
[Date "2009.03.10"]
[Round "5"]
[White "Wells,P"]
[Black "Lamoureux,C"]
[Result "1/2-1/2"]
[WhiteElo "2513"]
[BlackElo "2374"]
[EventDate "2009.03.06"]

1. Nf3 Nf6 2. c4 e6 3. g3 d5 4. Bg2 Be7 5. O-O O-O 6. d4 Nbd7 7. Nc3 dxc4
8. e4 a5 9. Bf4 a4 10. Qe2 a3 11. bxa3 Nb6 12. Nb5 Ne8 13. Rab1 Nd6 14.
Nxd6 Bxd6 15. Bg5 Be7 16. Bxe7 Qxe7 17. Ne5 Ra4 18. Rfc1 Rd8 19. Qc2 Qxa3
20. Rxb6 cxb6 21. Nxc4 Qb4 22. a3 Qb5 23. e5 Bd7 24. Nd6 Qa6 25. Qc7 Qa8
26. Bxb7 Qb8 27. Qxb6 h6 28. h4 Rxa3 29. Rb1 Rc3 30. Be4 Rc1+ 31. Kg2 Rxb1
32. Qxb1 Qxb1 33. Bxb1 1/2-1/2

[Event "10th EICC"]
[Site "Budva MNE"]
[Date "2009.03.10"]
[Round "5"]
[White "Pankov,Ger"]
[Black "Ibarra Jerez,JC"]
[Result "1/2-1/2"]
[WhiteElo "2392"]
[BlackElo "2513"]
[EventDate "2009.03.06"]

1. d4 Nf6 2. Bg5 c5 3. d5 Ne4 4. Bf4 e6 5. f3 Nf6 6. e4 exd5 7. exd5 d6 8.
Ne2 Nh5 9. Be3 Be7 10. Qd2 O-O 11. Nbc3 a6 12. O-O-O Nd7 13. g4 Nhf6 14. g5
Ne8 15. Ng3 f5 16. f4 b5 17. Bf2 Ra7 18. Re1 Nb6 19. Nd1 Nc7 20. Ne3 Bxg5
21. fxg5 f4 22. Bg2 fxe3 23. Bxe3 Bb7 24. g6 Nc4 25. gxh7+ Kh8 26. Qd3 Qf6
27. c3 Nxe3 28. Rxe3 Qg5 29. h4 Qh6 30. Rhe1 Bc8 31. Kb1 1/2-1/2

[Event "10th EICC"]
[Site "Budva MNE"]
[Date "2009.03.10"]
[Round "5"]
[White "Schmidt,Rau"]
[Black "Szabo,G ROM"]
[Result "0-1"]
[WhiteElo "2382"]
[BlackElo "2506"]
[EventDate "2009.03.06"]

1. Nf3 g6 2. c4 Bg7 3. e4 d6 4. d4 e5 5. Nc3 Nc6 6. d5 Nce7 7. Be2 h6 8.
O-O f5 9. exf5 Nxf5 10. c5 Nf6 11. Bb5+ Kf7 12. Nd2 Rf8 13. Nde4 Kg8 14.
Nxf6+ Qxf6 15. Ne4 Qh4 16. Bd3 b6 17. cxd6 cxd6 18. Be3 Bb7 19. Qb3 Rf7 20.
a4 Raf8 21. Rfe1 Nxe3 22. fxe3 Rf5 23. Ng3 Rg5 24. Rf1 e4 25. Rxf8+ Bxf8
26. Nxe4 Rh5 27. h3 Bxd5 28. Qc2 Re5 29. Nc3 Bxg2 30. Kxg2 Rg5+ 31. Kf1
Qxh3+ 32. Ke1 Qxe3+ 0-1

[Event "10th EICC"]
[Site "Budva MNE"]
[Date "2009.03.10"]
[Round "5"]
[White "Chudinovskikh,A"]
[Black "Lajthajm,B"]
[Result "1-0"]
[WhiteElo "2379"]
[BlackElo "2502"]
[EventDate "2009.03.06"]

1. e4 c5 2. Nf3 d6 3. Bb5+ Nd7 4. c3 a6 5. Ba4 Ngf6 6. Bc2 g6 7. O-O Bg7 8.
d4 Qc7 9. Re1 O-O 10. h3 e5 11. Nbd2 b5 12. Nf1 exd4 13. cxd4 cxd4 14. Nxd4
Bb7 15. Bf4 Nh5 16. Be3 d5 17. exd5 Nhf6 18. Rc1 Qd6 19. Nc6 Rac8 20. Bb3
Ne4 21. Qc2 f5 22. f3 f4 23. Ba7 Ng3 1-0

[Event "10th EICC"]
[Site "Budva MNE"]
[Date "2009.03.10"]
[Round "5"]
[White "Stanojoski,Z"]
[Black "Sidorenko,I"]
[Result "1-0"]
[WhiteElo "2493"]
[BlackElo "2370"]
[EventDate "2009.03.06"]

1. e4 c5 2. Nf3 d6 3. d4 cxd4 4. Nxd4 Nf6 5. Nc3 Nc6 6. g3 g6 7. Nde2 b6 8.
Bg2 Ba6 9. O-O Bg7 10. Re1 O-O 11. h3 Rc8 12. Be3 Na5 13. Rb1 Qc7 14. Nd4
Nc4 15. Bc1 Na3 16. Ra1 e6 17. Nde2 Nd7 18. Bf4 Nc4 19. b3 g5 20. Bxg5 Nb2
21. Qc1 Bxe2 22. Nxe2 Qxc2 23. Qxc2 Rxc2 24. Rac1 Rfc8 25. Rxc2 Rxc2 26.
Nc1 Bd4 27. Re2 Rc5 28. Bh6 Ne5 29. b4 Rc4 30. Nb3 Bc3 31. a3 Nbd3 32. f4
Nc6 33. Re3 Nc1 34. Bf1 Nxb3 35. Bxc4 Bd4 36. Kf2 Nd2 37. Bd3 e5 38. Bb5
Nxe4+ 39. Kf3 Bxe3 40. Bxc6 Nxg3 41. Kxg3 a6 42. a4 b5 43. Bb7 bxa4 44.
Bxa6 d5 45. Bb7 d4 46. Kf3 f5 47. Bd5+ Kh8 48. fxe5 Bxh6 49. b5 1-0

[Event "10th EICC"]
[Site "Budva MNE"]
[Date "2009.03.10"]
[Round "5"]
[White "Erturan,Y"]
[Black "Larino Nieto,D"]
[Result "1-0"]
[WhiteElo "2372"]
[BlackElo "2488"]
[EventDate "2009.03.06"]

1. e4 d5 2. exd5 Qxd5 3. Nc3 Qa5 4. d4 Nf6 5. Bc4 Nc6 6. Nge2 Bg4 7. f3 Bf5
8. Be3 e5 9. dxe5 Nxe5 10. Bb3 Rd8 11. Qc1 Bc5 12. O-O O-O 13. Ng3 Bd3 14.
Re1 Nc4 15. Bxc4 Bxc4 16. Nge4 Nxe4 17. Nxe4 Bb6 18. Kh1 f5 19. Ng5 Rfe8
20. b3 Bxe3 21. Rxe3 Be2 22. Rxe8+ Rxe8 23. c3 Qd5 24. Qf4 h6 25. Nh3 c5
26. Re1 Bb5 27. Rxe8+ Bxe8 28. Qb8 Qc6 29. Qxa7 Kh7 30. Qb8 Bh5 31. Qe5 Bg6
32. Nf4 Qa6 33. h4 Bf7 34. Qxf5+ Kg8 35. Qxc5 Qxa2 36. Qc8+ Kh7 37. Qxb7
Bxb3 38. Qe4+ Kg8 39. Qe8+ Kh7 40. Qe4+ Kg8 41. Qd4 Bf7 42. Nd3 Bc4 43. Ne5
Bf1 44. Qg1 Qe2 45. Ng4 Qb5 46. Qd4 Bd3 47. Ne5 Qb1+ 48. Kh2 Bf5 49. c4 Kh7
50. c5 Qb8 51. f4 Qb1 52. Nf3 Qc2 53. Kg3 Be4 54. Qf2 Qc1 55. Ne5 Qc3+ 56.
Kh2 Qc1 57. Nf7 Qc3 58. Nd6 Bc6 59. Nf5 Qf6 60. Nd6 Qc3 61. h5 Qc1 62. Qg3
Qc2 63. Qg4 Qxc5 64. Qg6+ Kg8 65. Nf5 Qf8 66. Nxh6+ Kh8 67. Nf7+ Kg8 68.
Qxc6 Qxf7 69. Qc8+ Kh7 70. Qg4 Qc7 71. Qf5+ Kh8 72. h6 Qd8 73. Qg5 Qxg5 74.
fxg5 gxh6 75. gxh6 Kh7 76. Kg3 Kxh6 77. Kf4 Kg6 78. Kg4 Kh6 79. Kf5 Kg7 80.
Kg5 Kh7 81. Kf6 Kh6 82. g4 Kh7 83. g5 Kh8 84. Kg6 Kg8 85. Kh6 Kh8 86. g6
1-0

[Event "10th EICC"]
[Site "Budva MNE"]
[Date "2009.03.10"]
[Round "5"]
[White "Skoberne,J"]
[Black "Ogloblin,N"]
[Result "1-0"]
[WhiteElo "2489"]
[BlackElo "2362"]
[EventDate "2009.03.06"]

1. e4 c5 2. c3 e6 3. Nf3 d5 4. exd5 exd5 5. d4 c4 6. b3 cxb3 7. axb3 Nf6 8.
Bd3 Be7 9. Bf4 Nc6 10. O-O Bg4 11. Nbd2 O-O 12. h3 Bh5 13. Re1 Re8 14. Qb1
Bg6 15. Ne5 Qb6 16. b4 Bf8 17. Nxg6 hxg6 18. Rc1 Nh5 19. Bh2 Qd8 20. b5 Ne7
21. Qb3 Nc8 22. c4 Bd6 23. c5 Bxh2+ 24. Kxh2 Qh4 25. Qxd5 Qxf2 26. Rf1 Qg3+
27. Kh1 Ne7 28. Qxf7+ Kh7 29. Nf3 Ng8 30. Rfe1 Nh6 31. Qd5 Rxe1+ 32. Rxe1
Rf8 33. Qxh5 Rxf3 34. Qxg6+ 1-0

[Event "10th EICC"]
[Site "Budva MNE"]
[Date "2009.03.10"]
[Round "5"]
[White "Lintchevski,D"]
[Black "Zolotukhin,V"]
[Result "1-0"]
[WhiteElo "2481"]
[BlackElo "2358"]
[EventDate "2009.03.06"]

1. e4 c5 2. Nf3 d6 3. d4 cxd4 4. Nxd4 Nf6 5. Nc3 g6 6. Be3 Bg7 7. f3 Nc6 8.
Qd2 O-O 9. O-O-O Bd7 10. h4 Rc8 11. g4 Ne5 12. Kb1 Qa5 13. Be2 Rxc3 14.
Qxc3 Qxc3 15. bxc3 Rc8 16. Nb3 Nexg4 17. Bxa7 Ne5 18. Bd4 Nh5 19. Nd2 Be6
20. Bb5 Bf6 21. a4 Nf4 22. Rh2 Kg7 23. Kb2 h6 24. Ra1 Bd7 25. Ra3 Bc6 26.
Rb3 Ne6 27. Bxc6 Rxc6 28. Rxb7 Nc5 29. Rb4 g5 30. hxg5 hxg5 31. Rg2 Kh6 32.
a5 e6 33. Rg1 Bd8 34. Ra1 Na6 35. Rb5 f5 1-0

[Event "10th EICC"]
[Site "Budva MNE"]
[Date "2009.03.10"]
[Round "5"]
[White "Kontic,D"]
[Black "Doric,D"]
[Result "1/2-1/2"]
[WhiteElo "2369"]
[BlackElo "2477"]
[EventDate "2009.03.06"]

1. e4 c6 2. d4 d5 3. Nd2 dxe4 4. Nxe4 Bf5 5. Bd3 Qxd4 6. Nf3 Qd8 7. Qe2
Bxe4 8. Qxe4 Nd7 9. Be3 e6 10. O-O-O Qa5 11. Kb1 Ngf6 12. Qh4 Bc5 13. Rhe1
Bxe3 14. Rxe3 h6 15. Bg6 O-O 16. Bd3 Qh5 17. Bh7+ Kxh7 18. Qxh5 Nxh5 19.
Rxd7 Nf4 20. Rxb7 Rad8 21. a4 Rd1+ 22. Ka2 Nxg2 23. Ra3 a5 24. Ne5 Ne1 25.
Nxc6 e5 26. Rc3 Rd2 27. Kb3 Rxf2 1/2-1/2

[Event "10th EICC"]
[Site "Budva MNE"]
[Date "2009.03.10"]
[Round "5"]
[White "Arsovic,Z"]
[Black "Aleskerov,F"]
[Result "1/2-1/2"]
[WhiteElo "2475"]
[BlackElo "2340"]
[EventDate "2009.03.06"]

1. Nf3 Nc6 2. c4 e5 3. Nc3 f5 4. d4 e4 5. Bg5 Be7 6. Bxe7 Qxe7 7. Ng1 Qb4
8. e3 Qxb2 9. Rc1 Nf6 10. Nh3 Qb4 11. Be2 Qe7 12. Nf4 d6 13. h4 O-O 14. h5
Qf7 15. f3 Nd8 16. fxe4 Nxe4 17. Nxe4 fxe4 18. c5 Be6 19. d5 Bd7 20. O-O
Qe7 21. c6 Bf5 22. Bg4 Rb8 23. Bxf5 Rxf5 24. Qg4 Rg5 25. Qh3 bxc6 1/2-1/2

[Event "10th EICC"]
[Site "Budva MNE"]
[Date "2009.03.10"]
[Round "5"]
[White "Todorovic,GM"]
[Black "Misailovic,N"]
[Result "0-1"]
[WhiteElo "2471"]
[BlackElo "2293"]
[EventDate "2009.03.06"]

1. e4 e5 2. Nf3 Nc6 3. Bc4 Bc5 4. c3 Nf6 5. d3 Qe7 6. Nbd2 d6 7. Bb3 a6 8.
h3 Be6 9. O-O O-O 10. Re1 Bxb3 11. axb3 Nd7 12. Nf1 f5 13. exf5 Rxf5 14. d4
Bb6 15. Ne3 Rff8 16. d5 Nd8 17. Nc4 Ba7 18. Be3 Nf7 19. Bxa7 Rxa7 20. Qd2
Raa8 21. Rad1 Qf6 22. Na5 Rab8 23. b4 Qg6 24. Qd3 Qh5 25. Re4 Ng5 26. Nxg5
Qxg5 27. Rc4 Nf6 28. Rxc7 Nh5 29. Re1 Rf6 30. Qe3 Nf4 31. Qg3 Qh6 32. Qg4
Rbf8 33. Rc8 Rxc8 34. Qxc8+ Rf8 35. Qg4 Qf6 36. Qf3 Qg6 37. Qg4 Qc2 38. Rf1
h5 39. Qg5 Rf6 40. Kh2 Rg6 41. Qd8+ Kh7 42. g3 0-1

[Event "10th EICC"]
[Site "Budva MNE"]
[Date "2009.03.10"]
[Round "5"]
[White "Mikavica,M"]
[Black "Bykhovsky,An ISR"]
[Result "0-1"]
[WhiteElo "2211"]
[BlackElo "2459"]
[EventDate "2009.03.06"]

1. d4 Nf6 2. c4 g6 3. Nc3 d5 4. Nf3 Bg7 5. Bf4 O-O 6. e3 c5 7. Be2 cxd4 8.
Nxd4 dxc4 9. Bxc4 Qa5 10. Qa4 Qxa4 11. Nxa4 Ne4 12. Bxb8 Rxb8 13. Bd3 Nf6
14. Rd1 Rd8 15. O-O Bg4 16. f3 Bh6 17. Ne2 Be6 18. Nec3 Nd5 19. Nxd5 Rxd5
20. Kf2 Bg7 0-1

[Event "10th EICC"]
[Site "Budva MNE"]
[Date "2009.03.10"]
[Round "5"]
[White "Mastrovasilis,D"]
[Black "Pavlidis,Ant"]
[Result "1-0"]
[WhiteElo "2580"]
[BlackElo "2278"]
[EventDate "2009.03.06"]

1. e4 e5 2. Nf3 Nc6 3. Bc4 Bc5 4. O-O Nf6 5. d4 exd4 6. e5 d5 7. Bb5 Ne4 8.
Nxd4 Bd7 9. Bxc6 bxc6 10. Be3 O-O 11. f3 Ng5 12. f4 Ne4 13. Nd2 Nxd2 14.
Qxd2 Bb6 15. Nb3 Bf5 16. a4 Bxc2 17. Bxb6 Bxb3 18. Bc5 Re8 19. Rf3 Bc4 20.
b3 Ba6 21. Qd4 f6 22. Re1 Qd7 23. Ree3 Qf5 24. h3 Re6 25. exf6 Rxf6 26. Re7
Rg6 27. Qe3 h6 28. Kh2 Kh7 29. g4 Qc2+ 30. Rf2 Qb1 31. f5 Rg5 32. Bd4 Bd3
33. Bxg7 Rxg7 34. Rxg7+ Kxg7 35. Qe7+ 1-0

[Event "10th EICC"]
[Site "Budva MNE"]
[Date "2009.03.10"]
[Round "5"]
[White "Papadopoulos,I"]
[Black "Serov,M"]
[Result "0-1"]
[WhiteElo "2455"]
[BlackElo "2352"]
[EventDate "2009.03.06"]

1. e4 e6 2. d4 d5 3. Nc3 Nf6 4. e5 Nfd7 5. f4 c5 6. Nf3 Nc6 7. Be3 cxd4 8.
Nxd4 Qb6 9. Qd2 Qxb2 10. Rb1 Qa3 11. Bb5 Nxd4 12. Bxd4 Bb4 13. Rb3 Qa5 14.
a3 Be7 15. f5 exf5 16. Nxd5 Bh4+ 17. Kd1 Qxd2+ 18. Kxd2 Bd8 19. Rg3 a6 20.
Bxd7+ Bxd7 21. Rxg7 Be6 22. Nf6+ Bxf6 23. exf6 O-O-O 24. c3 Bd5 25. Re1 Kd7
26. Rxf7+ Bxf7 27. Re7+ Kc6 28. Rxf7 Rd7 29. Rg7 Rxg7 30. fxg7 0-1

[Event "10th EICC"]
[Site "Budva MNE"]
[Date "2009.03.10"]
[Round "5"]
[White "Schroll,G"]
[Black "Vojinovic,J"]
[Result "1/2-1/2"]
[WhiteElo "2430"]
[BlackElo "2331"]
[EventDate "2009.03.06"]

1. d4 Nf6 2. Nf3 g6 3. Nc3 d5 4. Bf4 c6 5. e3 Bf5 6. h3 Bg7 7. Bd3 Bxd3 8.
cxd3 O-O 9. O-O Nfd7 10. b4 e6 11. Qb3 Qe7 12. b5 c5 13. dxc5 Nxc5 1/2-1/2

[Event "10th EICC"]
[Site "Budva MNE"]
[Date "2009.03.10"]
[Round "5"]
[White "Sekulic,D"]
[Black "Martinovic,Sa"]
[Result "0-1"]
[WhiteElo "2316"]
[BlackElo "2427"]
[EventDate "2009.03.06"]

1. d4 Nf6 2. c4 g6 3. Nc3 Bg7 4. g3 d5 5. Bg2 dxc4 6. Nf3 c6 7. O-O O-O 8.
h3 b5 9. Ne5 a6 10. f4 Bb7 11. Be3 Qc7 12. Bf2 Nbd7 13. e4 c5 14. Nxd7 Nxd7
15. d5 Nb6 16. a4 Bxc3 17. bxc3 Nxa4 18. Qd2 Rad8 19. g4 f5 20. exf5 gxf5
21. Rfe1 fxg4 22. Re5 gxh3 23. Bxh3 Bc8 24. Bxc8 Qxc8 25. Rg5+ Kh8 26. Re1
Qc7 27. f5 Rf6 28. Bg3 Qd7 29. Be5 Rdf8 30. Qh2 Qxd5 31. Qh6 Qf7 32. Rg2
Rg8 33. Bxf6+ Qxf6 34. Rxg8+ Kxg8 35. Qf4 Nxc3 36. Kh2 Qd6 37. Re5 Kf7 38.
Kh3 Ne2 39. Qe3 Nd4 40. Qe4 Qh6+ 41. Kg4 Qd6 42. Rd5 Qh2 43. Rxc5 h5+ 44.
Kg5 Nf3+ 45. Qxf3 Qg1+ 46. Kf4 Qd4+ 47. Kg5 0-1